00257nam a22000857a 4500008004100000082001500041245003800056260006900094300000800163230626b xxu||||| |||| 00| 0 eng d a337.1bEUR aThe European Commission and Kenya aKenyabDelegation of European Commision in the Republic of Kenya a24p